Statistics for Kid Rock Discography

Click here to take the quiz!

General Stats

  • This quiz has been taken 20 times
  • The average score is 9 of 14

Answer Stats

YearNameType% Correct
2015First KissAlbum
93%
2010Born FreeAlbum
86%
1998Devil Without a CauseAlbum
86%
2003Kid RockAlbum
86%
2001CockyAlbum
71%
2006Live TruckerLive Album
71%
2012Rebel SoulAlbum
71%
2007Rock n Roll JesusAlbum
71%
2000The History of RockCompilation
64%
1990Grits Sandwiches for BreakfastAlbum
57%
1996Early Mornin' Stoned PimpAlbum
50%
1993The Polyfuze MethodAlbum
50%
1993Fire It UpEP
29%
2010Racing Father TimeEP
29%

Score Distribution

Percentile by Number Answered

Percent of People with Each Score

Your Score History

You have not taken this quiz